000 00547nam a2200217Ia 4500
003 OSt
005 20220924134401.0
006 a|||||r|||| 00| 0
007 ta
008 220923b |||||||| |||| 00| 0 snd d
024 _a273987
037 _cTextual
040 _aARTS
_cARTS
_bsnd
041 _2snd
_asnd
082 _aO1593,3NG03,ZC, l3
100 _aKamal Gope
_9208485
245 0 _aZindagi ain Char Dinhan
260 _c1973
942 _hO1593,3NG03,ZC, l3
_cTEXL
_2CC
999 _c437330
_d437330